[Event "XIII Miedzynarodowe Mistrzostwa Gdanska"]
[Site "Gdansk"]
[Date "2011.??.??"]
[Round "7.1"]
[White "Cyborowski, Lukasz"]
[Black "Grabarczyk, Miroslaw"]
[Result "1/2-1/2"]
[WhiteElo "2537"]
[BlackElo "2459"]
[PlyCount "20"]
[EventDate "2011.??.??"]

1. d4 d5 2. Nf3 Nf6 3. c4 e6 4. g3 Bb4+ 5. Bd2 Be7 6. Bg2 O-O 7. Qc2 c6 8. O-O
Nbd7 9. Bf4 b6 10. Nbd2 Bb7 1/2-1/2

[Event "XIII Miedzynarodowe Mistrzostwa Gdanska"]
[Site "Gdansk"]
[Date "2011.??.??"]
[Round "7.2"]
[White "Kempinski, Tomasz"]
[Black "Sopur, Lech"]
[Result "0-1"]
[WhiteElo "2227"]
[BlackElo "2409"]
[PlyCount "98"]
[EventDate "2011.??.??"]

1. e4 g6 2. d4 Bg7 3. Nc3 c6 4. f4 d5 5. e5 h5 6. Nf3 Nh6 7. Be3 Bg4 8. h3 Bxf3
9. Qxf3 Nf5 10. Bf2 h4 11. Bd3 e6 12. Bxf5 gxf5 13. g4 hxg3 14. Qxg3 Bf8 15. h4
Nd7 16. O-O-O Qa5 17. Kb1 Nb6 18. b3 Qa3 19. Ka1 a5 20. Nb1 Qe7 21. a3 Nd7 22.
Qd3 Bh6 23. Qf3 f6 24. h5 fxe5 25. dxe5 Kf7 26. Rdg1 Rag8 27. Rg6 Rxg6 28.
hxg6+ Kg8 29. Ka2 Bg7 30. Rxh8+ Bxh8 31. Qh5 Nf8 32. Bh4 Qe8 33. Qg5 Bg7 34.
Nc3 Nxg6 35. Bf2 Kf7 36. Ne2 Qh8 37. Qg3 Qh5 38. Qe3 Bh6 39. Bg3 c5 40. Qf2 b6
41. b4 axb4 42. axb4 Bf8 43. Nc3 cxb4 44. Nb5 Bc5 45. Nd6+ Kg7 46. Qf1 Qh8 47.
Qa6 Qb8 48. Qa4 Bxd6 49. exd6 Qxd6 0-1

[Event "XIII Miedzynarodowe Mistrzostwa Gdanska"]
[Site "Gdansk"]
[Date "2011.??.??"]
[Round "7.3"]
[White "Khamitskiy, Sergei"]
[Black "Kobus, Sebastian"]
[Result "1-0"]
[WhiteElo "2316"]
[BlackElo "2104"]
[PlyCount "55"]
[EventDate "2011.??.??"]

1. d4 g6 2. c4 Bg7 3. e4 d6 4. Nc3 Nf6 5. h3 O-O 6. Nf3 Nbd7 7. Bg5 c5 8. d5 h6
9. Bf4 Re8 10. Bd3 Nf8 11. O-O g5 12. Bg3 N6d7 13. h4 Bf6 14. hxg5 hxg5 15. Qd2
Nh7 16. e5 Nxe5 17. Bxe5 dxe5 18. Rfe1 e6 19. Nxe5 Nf8 20. d6 Bg7 21. Nb5 f6
22. Ng6 Bd7 23. Nc7 Nxg6 24. Bxg6 Rf8 25. Qe2 f5 26. Nxe6 Bxe6 27. Qxe6+ Kh8
28. Bxf5 1-0

[Event "XIII Miedzynarodowe Mistrzostwa Gdanska"]
[Site "Gdansk"]
[Date "2011.??.??"]
[Round "7.4"]
[White "Machlowski, Slawomir"]
[Black "Rybak, Tomasz"]
[Result "1-0"]
[WhiteElo "2159"]
[BlackElo "2222"]
[PlyCount "92"]
[EventDate "2011.??.??"]

1. d4 Nf6 2. c4 e6 3. g3 Bb4+ 4. Nd2 d5 5. Ngf3 O-O 6. a3 Be7 7. Bg2 b6 8. cxd5
exd5 9. Ne5 Bb7 10. Ndf3 c5 11. O-O Nbd7 12. Bf4 Ne4 13. Qa4 Nxe5 14. Bxe5 Qc8
15. dxc5 bxc5 16. Rfd1 Qe6 17. Bf4 Bf6 18. Nd2 Nxd2 19. Rxd2 g5 20. Bc7 Rac8
21. Ba5 Bc6 22. Qd1 d4 23. Bxc6 Rxc6 24. Rc2 Bg7 25. Qd3 c4 26. Qf3 Rfc8 27.
Rd1 Qe5 28. Bd2 h6 29. Bc1 Qe6 30. Bd2 f5 31. Bb4 g4 32. Qf4 Be5 33. Qc1 Kf7
34. Rcd2 f4 35. Rxd4 Bxd4 36. Rxd4 fxg3 37. Qf4+ Kg6 38. hxg3 Qf5 39. Qxg4+
Qxg4 40. Rxg4+ Kf5 41. Rd4 Re8 42. g4+ Kg5 43. e3 Kh4 44. Kg2 Rg8 45. Kf3 Rf6+
46. Ke2 Rf7 1-0

[Event "XIII Miedzynarodowe Mistrzostwa Gdanska"]
[Site "Gdansk"]
[Date "2011.??.??"]
[Round "7.5"]
[White "Wierzbicka, Wiktoria"]
[Black "Budrewicz, Krzysztof"]
[Result "1-0"]
[WhiteElo "2014"]
[BlackElo "2194"]
[PlyCount "92"]
[EventDate "2011.??.??"]

1. e4 d5 2. exd5 Nf6 3. d4 Nxd5 4. Nf3 g6 5. c4 Nb6 6. a4 a5 7. c5 Nd5 8. Nc3
Bg7 9. Bc4 c6 10. Qb3 O-O 11. O-O e6 12. Ne4 Nd7 13. Re1 b6 14. Bg5 f6 15. Bh4
bxc5 16. Nxc5 Nxc5 17. dxc5 Bd7 18. Bg3 Re8 19. Bxd5 cxd5 20. Nd4 Ra6 21. Rac1
Qa8 22. Nb5 22... Qb7 $11 23. Qd3 Rf8 24. Nc7 Rc6 25. Nxd5 Be8 26. Nb6 e5 27.
Qd2 Qa7 28. Qd5+ Qf7 29. Qd2 Qa7 30. f4 Bh6 31. Rc3 Bf7 32. Qf2 Bg7 33. Qd2 e4
34. f5 gxf5 35. Bf4 Qe7 36. Bd6 Rd8 37. Nd5 Qa7 38. Kh1 Rdxd6 39. cxd6 Rxd6 40.
Rc8+ Bf8 41. Nxf6+ Rxf6 42. Qd8 Be6 43. Qxf6 Bxc8 44. Qd8 Bb7 45. Re3 f4 46.
Rb3 f3 1-0

[Event "XIII Miedzynarodowe Mistrzostwa Gdanska"]
[Site "Gdansk"]
[Date "2011.??.??"]
[Round "7.6"]
[White "Jaroch, Pawel"]
[Black "Smalara, Kazimierz"]
[Result "1-0"]
[WhiteElo "2250"]
[BlackElo "1956"]
[PlyCount "53"]
[EventDate "2011.??.??"]

1. d4 f5 2. e4 d6 3. Nc3 Nf6 4. Bd3 fxe4 5. Nxe4 e6 6. Qe2 Nc6 7. c3 Qe7 8. Bg5
Bd7 9. Nf3 h6 10. Bh4 O-O-O 11. b4 g5 12. Nxf6 Qxf6 13. Bg3 Re8 14. b5 Ne7 15.
Ne5 Nf5 16. Nxd7 Kxd7 17. Qf3 Kc8 18. Be4 b6 19. Bc6 Re7 20. a4 Bg7 21. a5 h5
22. axb6 cxb6 23. Bd7+ Kb8 24. Qc6 Rxd7 25. Qxd7 Rd8 26. Qxa7+ Kc8 27. Qxb6 1-0

[Event "XIII Miedzynarodowe Mistrzostwa Gdanska"]
[Site "Gdansk"]
[Date "2011.??.??"]
[Round "7.7"]
[White "Olejarczyk, Bogdan"]
[Black "Norov, Artem"]
[Result "1-0"]
[WhiteElo "2137"]
[BlackElo "1541"]
[PlyCount "101"]
[EventDate "2011.??.??"]

1. d4 d5 2. Nf3 Nf6 3. c4 c6 4. Nc3 e6 5. e3 Nbd7 6. Qc2 Bd6 7. b3 O-O 8. Bb2
b6 9. Bd3 Bb7 10. O-O c5 11. cxd5 exd5 12. Rac1 Rc8 13. Qe2 Re8 14. Rfd1 Qe7
15. Bf5 g6 16. Bh3 Rcd8 17. g3 Ne4 18. dxc5 Nxc3 19. Bxc3 bxc5 20. Ba5 Nb6 21.
Bg2 d4 22. Re1 Qf6 23. Nh4 Bxg2 24. Nxg2 Bf8 25. Rcd1 Rd6 26. Qb2 dxe3 27. Qxf6
Rxf6 28. Rxe3 Rxe3 29. Nxe3 Rd6 30. Rxd6 Bxd6 31. Kf1 f5 32. a4 f4 33. Bxb6
axb6 34. Nd5 fxg3 35. fxg3 c4 36. bxc4 Bc5 37. Ke2 Kf7 38. Kf3 Ke6 39. Ke4 g5
40. g4 Bg1 41. h3 Bc5 42. Nc7+ Kd7 43. Nb5 Ke6 44. Nd4+ Kf6 45. Nb3 Bf2 46. Kd5
h5 47. c5 bxc5 48. Nxc5 Be1 49. Nb7 hxg4 50. hxg4 Bf2 51. a5 1-0

[Event "XIII Miedzynarodowe Mistrzostwa Gdanska"]
[Site "Gdansk"]
[Date "2011.??.??"]
[Round "7.8"]
[White "Szczepaniec, Stanislaw"]
[Black "Czerw, Dawid"]
[Result "0-1"]
[WhiteElo "2075"]
[BlackElo "1784"]
[PlyCount "66"]
[EventDate "2011.??.??"]

1. Nf3 Nf6 2. c4 c5 3. d4 cxd4 4. Nxd4 g6 5. Nc3 Bg7 6. e4 d6 7. Be2 O-O 8. Be3
Bd7 9. O-O Nc6 10. Rc1 Nxd4 11. Bxd4 Bc6 12. f3 Nd7 13. Bxg7 Kxg7 14. Nd5 Bxd5
15. Qd4+ e5 16. Qxd5 Qb6+ 17. Rf2 Qxb2 18. Rd1 Rad8 19. Bf1 Qb6 20. Qxd6 Qxd6
21. Rxd6 Nb8 22. Rfd2 Nc6 23. c5 Nd4 24. Rb2 Rxd6 25. cxd6 b6 26. f4 Kf6 27.
Rf2 exf4 28. Rxf4+ Ke5 29. g3 Ne6 30. Rh4 h5 31. d7 Kd6 32. Bb5 Nd4 33. a4 Nf3+
0-1

[Event "XIII Miedzynarodowe Mistrzostwa Gdanska"]
[Site "Gdansk"]
[Date "2011.??.??"]
[Round "7.9"]
[White "Renkowski, Piotr"]
[Black "Grajczak, Adrian"]
[Result "1-0"]
[WhiteElo "1924"]
[BlackElo "2000"]
[PlyCount "55"]
[EventDate "2011.??.??"]

1. e4 d6 2. f4 e5 3. Nf3 exf4 4. d4 g5 5. Bc4 Nh6 6. O-O Bg4 7. c3 Nd7 8. h4
gxh4 9. Bxf4 Qf6 10. Qd2 h3 11. e5 Qg6 12. exd6 cxd6 13. Nh4 Qh5 14. g3 O-O-O
15. Na3 Nb6 16. Bg5 Re8 17. Rae1 Bg7 18. Qf4 h2+ 19. Kxh2 Be2 20. Bxf7 Nxf7 21.
Qxf7 Qxg5 22. Nf5 Qh5+ 23. Qxh5 Bxh5 24. Nxg7 Rxe1 25. Rxe1 Bf7 26. Nb5 Kd7 27.
Nf5 Nc8 28. Nxa7 1-0

[Event "XIII Miedzynarodowe Mistrzostwa Gdanska"]
[Site "Gdansk"]
[Date "2011.??.??"]
[Round "7.10"]
[White "Kanarkiewicz, Michal"]
[Black "Huseynov, Vusal"]
[Result "0-1"]
[WhiteElo "1924"]
[BlackElo "2178"]
[PlyCount "62"]
[EventDate "2011.??.??"]

1. e4 d6 2. d4 g6 3. Nc3 c6 4. Be3 Bg7 5. Qd2 b5 6. a3 Qa5 7. b4 Qc7 8. d5 a6
9. Nf3 Nf6 10. Bd4 Nbd7 11. dxc6 Qxc6 12. Bd3 e5 13. Be3 Bb7 14. a4 bxa4 15.
Rxa4 O-O 16. O-O Nb6 17. Ra3 Nc4 18. Bxc4 Qxc4 19. Qxd6 Nxe4 20. Nxe4 Qxe4 21.
Bc5 Rfd8 22. Re3 Qxc2 23. Qc7 Bxf3 24. Rxf3 Qc4 25. Qa5 e4 26. Re3 Bh6 27. Ra3
Rd3 28. h3 Rxa3 29. Qxa3 Bg7 30. Rc1 Qe2 31. Qb3 Rd8 0-1

[Event "XIII Miedzynarodowe Mistrzostwa Gdanska"]
[Site "Gdansk"]
[Date "2011.??.??"]
[Round "7.12"]
[White "Szymanowski, Mateusz"]
[Black "Zielinski, Stanislaw"]
[Result "0-1"]
[WhiteElo "1783"]
[BlackElo "2155"]
[PlyCount "76"]
[EventDate "2011.??.??"]

1. e4 d6 2. d4 g6 3. Be3 Bg7 4. Nc3 Nf6 5. f3 O-O 6. Bc4 Nc6 7. Nge2 e5 8. dxe5
dxe5 9. O-O Qe7 10. Qe1 Rd8 11. Qf2 Be6 12. Bxe6 Qxe6 13. Rad1 Nb4 14. Nc1 h6
15. a3 Nc6 16. Rd3 Rxd3 17. Nxd3 b6 18. Rd1 Qc4 19. Qf1 Rd8 20. Nf2 Qxf1+ 21.
Kxf1 Rxd1+ 22. Nfxd1 Ne8 23. Ke2 Kf8 24. b3 Ke7 25. Nb2 Kd7 26. Nd3 Nd4+ 27.
Kd2 Nd6 28. Ne2 c5 29. Bxd4 exd4 30. g3 Kc6 31. Nef4 b5 32. Nd5 a5 33. g4 c4
34. Nc1 a4 35. bxa4 bxa4 36. Ne2 Nb5 37. f4 Nxa3 38. f5 Nb5 0-1

[Event "XIII Miedzynarodowe Mistrzostwa Gdanska"]
[Site "Gdansk"]
[Date "2011.??.??"]
[Round "7.13"]
[White "Belczewski, Jacek"]
[Black "Zielinski, Wojciech"]
[Result "0-1"]
[WhiteElo "1355"]
[BlackElo "2097"]
[PlyCount "98"]
[EventDate "2011.??.??"]

1. c4 e6 2. Nc3 d5 3. d4 Nf6 4. Bg5 Be7 5. Nf3 h6 6. Bxf6 Bxf6 7. e3 O-O 8. Bd3
c6 9. O-O Re8 10. Rc1 Nd7 11. cxd5 exd5 12. Bc2 Nf8 13. h3 g6 14. Bd3 Bg7 15.
Qb3 Kh8 16. Rfe1 f5 17. Qc2 Qd6 18. a3 Bd7 19. Na4 Ne6 20. Nc5 Nxc5 21. dxc5
Qf6 22. Nd4 Re7 23. Re2 Rf8 24. Rce1 g5 25. Nb3 g4 26. g3 gxh3 27. Kh2 Qg5 28.
Rd2 Bf6 29. Rdd1 Rg8 30. Rg1 h5 31. f4 Qg6 32. Qf2 Reg7 33. Nd4 Qf7 34. Qf3 h4
35. gxh4 Rg2+ 36. Rxg2 Rxg2+ 37. Kxh3 Rg4 38. Bxf5 Rxh4+ 39. Kg2 Bxd4 40. Bxd7
Qxd7 41. exd4 Qg7+ 42. Kf2 Rh2+ 43. Ke3 Qh7 44. Rg1 Qc2 45. Rg8+ Kxg8 46. Qg4+
Kh7 47. Qd7+ Kh6 48. Qe6+ Qg6 49. Qe7 Qg3# 0-1

[Event "XIII Miedzynarodowe Mistrzostwa Gdanska"]
[Site "Gdansk"]
[Date "2011.??.??"]
[Round "7.15"]
[White "Zielinski, Maciej"]
[Black "Mucha, Piotr"]
[Result "1-0"]
[WhiteElo "2060"]
[BlackElo "1867"]
[PlyCount "77"]
[EventDate "2011.??.??"]

1. e4 c5 2. Nf3 d6 3. d4 cxd4 4. Nxd4 Nf6 5. Nc3 a6 6. Bc4 e6 7. Bb3 b5 8. O-O
Bb7 9. f4 Nbd7 10. Re1 Nc5 11. f5 Nxb3 12. Nxb3 b4 13. Ne2 Qb6+ 14. Qd4 Qxd4+
15. Nexd4 e5 16. Na5 Bxe4 17. Bg5 d5 18. Ndc6 Bd6 19. Bd2 Rc8 20. Bxb4 Kd7 21.
Bxd6 Kxd6 22. Nb4 Rb8 23. c3 Rb5 24. Nb3 Ra8 25. a4 Rbb8 26. Na5 Bxf5 27. Rad1
Rc8 28. Rd2 Ke6 29. h3 Rc5 30. Nb7 Rc7 31. Na5 Be4 32. Red1 Rc5 33. Nb7 Rc4 34.
Na5 Rc5 35. Nb3 Rc7 36. a5 Rc4 37. Re2 d4 38. Nd2 Bd3 39. Nxd3 1-0

[Event "XIII Miedzynarodowe Mistrzostwa Gdanska"]
[Site "Gdansk"]
[Date "2011.??.??"]
[Round "7.16"]
[White "Reza, Wojciech"]
[Black "Plewa, Piotr"]
[Result "1/2-1/2"]
[WhiteElo "2026"]
[BlackElo "1864"]
[PlyCount "55"]
[EventDate "2011.??.??"]

1. e4 c5 2. Nf3 e6 3. d4 cxd4 4. Nxd4 a6 5. g3 Qc7 6. Bg2 Nf6 7. O-O Be7 8. Nc3
O-O 9. Be3 d6 10. a4 Nc6 11. Nxc6 bxc6 12. a5 d5 13. exd5 cxd5 14. Na4 Bb7 15.
Bb6 Qb8 16. f4 Bd8 17. Bc5 Re8 18. Nb6 Bxb6 19. Bxb6 Nd7 20. Bd4 Qc7 21. Re1 f6
22. Bh3 Nc5 23. Ra3 Ne4 24. Bb6 Qc6 25. Bg2 Rac8 26. Re2 Nd6 27. Rc3 Qb5 28.
Rb3 1/2-1/2

[Event "XIII Miedzynarodowe Mistrzostwa Gdanska"]
[Site "Gdansk"]
[Date "2011.??.??"]
[Round "7.17"]
[White "Les, Czeslaw"]
[Black "Sieklucki, Adam"]
[Result "0-1"]
[WhiteElo "1924"]
[BlackElo "1848"]
[PlyCount "84"]
[EventDate "2011.??.??"]

1. d4 e6 2. c4 Nf6 3. Nc3 Bb4 4. Nf3 Nc6 5. e3 d6 6. Be2 O-O 7. O-O Bxc3 8.
bxc3 e5 9. Qc2 b6 10. Nd2 Bb7 11. d5 Nb8 12. a4 a5 13. f4 Qe7 14. Nf3 Nbd7 15.
fxe5 Nxe5 16. Ng5 h6 17. Rxf6 hxg5 18. Rf2 g6 19. Bd2 f5 20. Raf1 Kg7 21. e4 f4
22. c5 bxc5 23. c4 Rfb8 24. Bc3 Kg8 25. h4 gxh4 26. Rxf4 Rf8 27. Qd2 Rxf4 28.
Rxf4 Bc8 29. Qe3 Bd7 30. Qf2 g5 31. Rf6 Kg7 32. Rf3 Rf8 33. Rxf8 Qxf8 34. Qxf8+
Kxf8 35. Bxa5 Bxa4 36. Bxc7 Ke7 37. Ba5 Bb3 38. Bd2 Kf6 39. Bc3 Bc2 40. g3 hxg3
41. Kg2 Bxe4+ 42. Kxg3 Kf5 0-1

[Event "XIII Miedzynarodowe Mistrzostwa Gdanska"]
[Site "Gdansk"]
[Date "2011.??.??"]
[Round "7.18"]
[White "Parol, Pawel"]
[Black "Posuniak, Kacper"]
[Result "1/2-1/2"]
[WhiteElo "1918"]
[BlackElo "1831"]
[PlyCount "53"]
[EventDate "2011.??.??"]

1. e4 e6 2. d4 d5 3. Nc3 dxe4 4. Nxe4 Nd7 5. Nf3 Ngf6 6. Nxf6+ Nxf6 7. Bc4 Be7
8. Bg5 O-O 9. Qe2 c6 10. O-O Nd5 11. Bxe7 Qxe7 12. c3 b6 13. Rfe1 Bb7 14. Qe5
Rfd8 15. Qg3 c5 16. Re5 Nf6 17. dxc5 Bxf3 18. Qxf3 Nd7 19. Ree1 Qxc5 20. Bd3
Qg5 21. Bc2 Nf6 22. Rad1 Rd2 23. Rxd2 Qxd2 24. Qd1 Rd8 25. Qxd2 Rxd2 26. Rd1
Rxd1+ 27. Bxd1 1/2-1/2

[Event "XIII Miedzynarodowe Mistrzostwa Gdanska"]
[Site "Gdansk"]
[Date "2011.??.??"]
[Round "7.19"]
[White "Grabarczyk, Sylwester"]
[Black "Kropidlowski, Maciej"]
[Result "1-0"]
[WhiteElo "1971"]
[BlackElo "1724"]
[PlyCount "75"]
[EventDate "2011.??.??"]

1. e4 e6 2. d4 d5 3. Nc3 Bb4 4. e5 c5 5. a3 Bxc3+ 6. bxc3 Qc7 7. Qg4 cxd4 8.
Qxg7 Qxc3+ 9. Kd1 Qxa1 10. Qxh8 Kf8 11. Bd3 Nc6 12. Nf3 Nce7 13. Ng5 Ke8 14.
Bxh7 d3 15. Bxd3 Kd7 16. Nxf7 b6 17. Nd6 Qd4 18. Qh5 Ba6 19. Ke2 Bxd3+ 20. cxd3
Nf5 21. Qh7+ Nge7 22. Nxf5 exf5 23. Re1 Rc8 24. e6+ Kd6 25. Qh6 Rc2+ 26. Bd2 f4
27. Qf8 f3+ 28. gxf3 Qc3 29. Qd8+ Kc6 30. Qd7+ Kc5 31. Qxe7+ Kb5 32. Qb4+ Qxb4
33. axb4 Rc8 34. e7 a5 35. bxa5 bxa5 36. Kd1 Re8 37. Kc2 a4 38. Kb2 1-0

[Event "XIII Miedzynarodowe Mistrzostwa Gdanska"]
[Site "Gdansk"]
[Date "2011.??.??"]
[Round "7.20"]
[White "Czajkowski, Adam"]
[Black "Marszk, Kazimierz"]
[Result "1/2-1/2"]
[WhiteElo "1761"]
[BlackElo "2076"]
[PlyCount "106"]
[EventDate "2011.??.??"]

1. e4 c6 2. d4 d5 3. Nc3 dxe4 4. Nxe4 Nd7 5. Bc4 e6 6. Nf3 Ngf6 7. Nxf6+ Nxf6
8. O-O Bd6 9. Bg5 Qc7 10. Qe2 Bd7 11. a3 h6 12. Bh4 O-O-O 13. b4 g5 14. Bg3
Bxg3 15. fxg3 Nd5 16. Ne5 Be8 17. Nd3 Nb6 18. Nc5 Rxd4 19. Bd3 Nd7 20. Qe3 Qe5
21. Qxe5 Nxe5 22. Rae1 Nxd3 23. Nxd3 Kd8 24. Re3 Ke7 25. Nc5 b6 26. Nb3 Rd6 27.
c4 f6 28. c5 Rd5 29. cxb6 axb6 30. Rc3 Bd7 31. Kf2 Ra8 32. Na1 e5 33. Nc2 Rd2+
34. Kg1 b5 35. Rf2 Rd1+ 36. Rf1 Rxf1+ 37. Kxf1 h5 38. Kf2 Rd8 39. Na1 Be8 40.
Nb3 Bf7 41. Na5 Rd2+ 42. Kf1 Bd5 43. Nxc6+ Kd6 44. Na7 Bc4+ 45. Kg1 Kd5 46.
Nxb5 Bxb5 47. Rc5+ Kd4 48. Rxb5 e4 49. Rf5 Ra2 50. b5 Ke3 51. h4 gxh4 52. gxh4
Rxa3 53. b6 Rb3 1/2-1/2

[Event "XIII Miedzynarodowe Mistrzostwa Gdanska"]
[Site "Gdansk"]
[Date "2011.??.??"]
[Round "7.21"]
[White "Cichocka, Urszula"]
[Black "Skrochocka, Justyna"]
[Result "0-1"]
[WhiteElo "1721"]
[BlackElo "2041"]
[PlyCount "71"]
[EventDate "2011.??.??"]

1. e4 c5 2. Nf3 Nc6 3. d4 cxd4 4. Nxd4 Nf6 5. Nc3 d6 6. Bg5 e6 7. Qd2 a6 8. f3
h6 9. Be3 Be7 10. O-O-O O-O 11. g4 Nxd4 12. Bxd4 b5 13. Bd3 b4 14. Ne2 e5 15.
Be3 Nh7 16. Kb1 Rb8 17. h4 Be6 18. Rdg1 Bxh4 19. Bxh6 Bg5 20. Bxg5 Nxg5 21. Rg3
Qa5 22. Nc1 f6 23. f4 exf4 24. Qxf4 Qb6 25. Qf1 Rfc8 26. Rh5 Rc5 27. Qh1 Re5
28. Rh8+ Kf7 29. Qh5+ Ke7 30. Rxb8 Qxb8 31. Qg6 Qg8 32. Rg1 Bf7 33. Qf5 Rxf5
34. exf5 Nf3 35. Rg3 Ne5 36. Bxa6 0-1

[Event "XIII Miedzynarodowe Mistrzostwa Gdanska"]
[Site "Gdansk"]
[Date "2011.??.??"]
[Round "7.22"]
[White "Moszczenski, Milosz"]
[Black "Tyda, Krzysztof"]
[Result "1-0"]
[WhiteElo "1631"]
[BlackElo "2016"]
[PlyCount "98"]
[EventDate "2011.??.??"]

1. d4 d5 2. c4 e6 3. Nc3 Nf6 4. cxd5 exd5 5. Bg5 Be7 6. Qc2 c6 7. e3 O-O 8. Bd3
h6 9. Bh4 Re8 10. Nf3 Nbd7 11. O-O Ne4 12. Bg3 Nxg3 13. hxg3 Nf6 14. Rab1 Bd6
15. b4 Qe7 16. b5 Bd7 17. bxc6 bxc6 18. Rb7 Qe6 19. Na4 Ne4 20. Nd2 f5 21. Bxe4
fxe4 22. Nc5 Bxc5 23. Qxc5 Rf8 24. Rxa7 Rab8 25. Nb3 Qg4 26. Qd6 Rbd8 27. Nc5
Bc8 28. Qxc6 Rf6 29. Qa4 h5 30. Qd1 Qg5 31. Qb3 Kh7 32. Qb8 Re8 33. Qb5 Ref8
34. Nd7 Bxd7 35. Rxd7 Rf5 36. Rd6 Rc8 37. a4 Rc2 38. Qb3 Rd2 39. a5 Rd3 40. Qb5
h4 41. gxh4 Qh5 42. a6 Qe2 43. Rxd5 Rxd5 44. Qxd5 Ra3 45. Qxe4+ Kg8 46. Qa8+
Kh7 47. Rb1 Qc2 48. Qb7 Ra2 49. Rf1 Ra4 1-0

[Event "XIII Miedzynarodowe Mistrzostwa Gdanska"]
[Site "Gdansk"]
[Date "2011.??.??"]
[Round "7.23"]
[White "Ulanowski, Karol"]
[Black "Czaczyk, Kacper"]
[Result "1-0"]
[WhiteElo "1938"]
[BlackElo "1512"]
[PlyCount "73"]
[EventDate "2011.??.??"]

1. e4 c5 2. Nf3 d6 3. d4 cxd4 4. Nxd4 Nf6 5. Nc3 Nc6 6. Bg5 e6 7. Qd2 Be7 8.
O-O-O O-O 9. Nb3 a6 10. Bxf6 gxf6 11. f4 Na5 12. Nxa5 Qxa5 13. Kb1 Kh8 14. Bd3
e5 15. f5 Bd7 16. Qh6 Bc6 17. Be2 Rg8 18. Rd3 Rg7 19. Rhd1 b5 20. Bf3 Qd8 21.
Ne2 Qf8 22. Ng3 Bb7 23. Qh4 Rg5 24. Nh5 Qh6 25. g4 Rag8 26. Qf2 Bxe4 27. Bxe4
Rxg4 28. Ng3 Rf4 29. Qe2 Rh4 30. R1d2 Qf4 31. Bd5 Rg7 32. Rc3 Rxh2 33. Qxh2
Rxg3 34. Rc8+ Kg7 35. Qxg3+ Qxg3 36. Rg2 Qxg2 37. Bxg2 1-0

[Event "XIII Miedzynarodowe Mistrzostwa Gdanska"]
[Site "Gdansk"]
[Date "2011.??.??"]
[Round "7.24"]
[White "Dzikowski, Michal"]
[Black "Dobrowolski, Henryk"]
[Result "0-1"]
[WhiteElo "1706"]
[BlackElo "1907"]
[PlyCount "96"]
[EventDate "2011.??.??"]

1. b3 Nf6 2. Bb2 d5 3. e3 Nc6 4. Bb5 Bd7 5. Nf3 e6 6. Nd4 Bd6 7. f4 O-O 8. Nxc6
bxc6 9. Bd3 Re8 10. O-O e5 11. f5 e4 12. Be2 Be5 13. c3 h6 14. Qe1 Nh7 15. Na3
Qf6 16. Nc2 a5 17. Qf2 a4 18. b4 Rab8 19. Ba3 Bd6 20. Nd4 Qe5 21. g3 Ng5 22.
Qg2 f6 23. Rf2 Qe7 24. h4 Nf7 25. Bh5 Qe5 26. Bxf7+ Kxf7 27. g4 Qe7 28. Qh3 Rh8
29. h5 Rb7 30. Qf1 Rhb8 31. Qa6 Rb6 32. Qe2 c5 33. bxc5 Bxc5 34. Bxc5 Qxc5 35.
Rff1 Rb2 36. Rfc1 R8b6 37. Qd1 Qc4 38. Kf2 c5 39. Ne6 Qd3 40. Ke1 Bb5 41. c4
Bxc4 42. Rxc4 Qxc4 43. Rc1 Qxa2 44. Rxc5 Rb1 45. Rc7+ Kg8 46. Rc8+ Kf7 47. Rc7+
Ke8 48. Nxg7+ Kd8 0-1

[Event "XIII Miedzynarodowe Mistrzostwa Gdanska"]
[Site "Gdansk"]
[Date "2011.??.??"]
[Round "7.25"]
[White "Pofelski, Andrzej"]
[Black "Baran, Dawid"]
[Result "0-1"]
[WhiteElo "1892"]
[BlackElo "1679"]
[PlyCount "68"]
[EventDate "2011.??.??"]

1. Nf3 Nc6 2. e4 e5 3. Bb5 Bc5 4. c3 d6 5. h3 Nf6 6. d3 Bd7 7. Bg5 h6 8. Bxf6
Qxf6 9. Qe2 O-O 10. Nbd2 a6 11. Ba4 b5 12. Bc2 Ne7 13. O-O-O Ng6 14. g3 a5 15.
Rdf1 a4 16. Bb1 a3 17. b3 Bb6 18. Bc2 c5 19. Kb1 Be6 20. c4 bxc4 21. Nxc4 Rab8
22. Nfd2 d5 23. Nxb6 Rxb6 24. Ka1 Rc8 25. Rc1 Qd8 26. Qe3 f5 27. f3 f4 28. Qf2
fxg3 29. Qe3 Nf4 30. exd5 Bxd5 31. Qxe5 Ne2 32. Nc4 Re6 33. Qf5 Bxc4 34. Qg4
Qf6+ 0-1